| 000 | 01497nam1a2200313 i 4500 | ||
|---|---|---|---|
| 001 | RU\NLR\BIBL_A\016336613 | ||
| 005 | 20241104000431.0 | ||
| 035 | _a(NLR Aleph) 016336613 | ||
| 090 |
_a13078054 _c13078054 |
||
| 100 | _a20060306d1899 u||y0rusy50 ca | ||
| 101 | 0 | _arus | |
| 102 | _aRU | ||
| 105 | _a| z ||||| | ||
| 200 | 1 |
_aРусская земля _e(природа страны, население и его промыслы) _eсборник для народного чтения |
|
| 210 |
_aС.-Петербург _cТипо-литография М. П. Фроловой _d1899 |
||
| 215 | _d20 | ||
| 225 | 1 | _aПриходская библиотека, издаваемая под редакцией В. И. Шемякина | |
| 606 | 1 |
_aНароды Севера _xЭтнографические исследования _92108579 _3RU\NLR\AUTH\661274539 |
|
| 607 |
_aРоссия _xИстория _yСевер _z19 в. _92112959 _3RU\NLR\AUTH\661276781 |
||
| 686 | _aТ52(2Р31) | ||
| 686 | _aТ3(2Р31)0,02 | ||
| 702 | 1 |
_4340 _7ca _8rus _aШемякин _bВ. И. _cдеятель народного просвещения _f1840-1916 _gВасилий Иванович _9223235 _3RU\NLR\AUTH\770223291 |
|
| 801 | 0 |
_aRU _bNLR _c20060306 _gpsbo |
|
| 801 | 1 |
_aRU _bProSoft-M _c20060306 _2rusmarc |
|
| 801 | 2 |
_aRU _bNLR _c20110523 _2rusmarc |
|
| 852 |
_aNLR _jШифры разные |
||
| 942 | _cBOOK | ||